000 00655nam a2200277Ia 4500
005 20260324144038.0
008 008 260324s9999 xx 000 0 eng d
020 _a9781003313342
037 _aEBOOK
040 _aCRL
040 _beng
040 _cCRL
041 _2eng
041 _aeng
084 _qCRL
100 _aHendrik W. van der Merwe
_91217868
245 0 _aPursuing Justice and Peace in South Africa
260 _bTaylor and Francis
260 _c1989
365 _a
365 _b145
856 _uhttp://www.taylorfrancis.com/books/9781003313342
942 _cEBOOK
999 _c1824008
_d1824008